中国内地每一代最常用的名字 Top 10 P.R.China Baby's Names by Decade - Statistics

General Stats
  • This quiz has been taken 30 times
  • The average score is 13 of 92
Answer Stats
年代 性别 名字 % Correct
早于1959、1960年代 建国
93%
1960年代、1970年代 建军
66%
2010年代 男/女 子涵
66%
2010年代、2023年 梓涵
62%
1960年代、1970年代
59%
1960年代、1970年代、1980年代、1990年代
55%
早于1959、1960年代、1970年代、1980年代
48%
1960年代、1970年代、1980年代、1990年代
48%
1960年代、1970年代、1980年代、1990年代
45%
早于1959
41%
早于1959、1960年代
38%
2000年代
38%
早于1959、1960年代 建华
31%
1970年代、1980年代
31%
2010年代 子轩
31%
2010年代 紫涵
31%
1980年代
28%
2010年代 子豪
28%
1970年代
24%
1980年代、1990年代、2000年代
24%
1990年代、2000年代
24%
早于1959、1960年代 建平
21%
1970年代
21%
1990年代、2000年代
21%
1960年代、1970年代、1980年代
17%
1960年代、1970年代
17%
1960年代
17%
1960年代、1970年代、1980年代、1990年代、2000年代
17%
1980年代、1990年代
17%
1980年代、1990年代
17%
早于1959、1960年代 秀英
14%
1970年代、1980年代、1990年代
14%
1970年代、1980年代、1990年代、2000年代
14%
2000年代、2010年代 俊杰
14%
1960年代、1970年代
10%
1970年代
10%
1970年代、1980年代
10%
1980年代、1990年代、2000年代
10%
2000年代、2010年代 佳怡
10%
2010年代、2023年 浩宇
10%
2010年代、2023年 宇轩
10%
2010年代 宇航
10%
早于1959、1960年代 秀兰
7%
1970年代、1980年代、1990年代、2000年代
7%
1990年代、2000年代
7%
1990年代
7%
2000年代、2010年代、2023年 浩然
7%
2000年代、2010年代、2023年 欣怡
7%
2010年代 雨涵
7%
2023年 雨桐
7%
早于1959 国华
3%
早于1959 和平
3%
早于1959 德明
3%
早于1959 桂兰
3%
早于1959 凤英
3%
1970年代、1980年代
3%
1970年代 红梅
3%
1980年代、1990年代、2000年代
3%
1990年代、2000年代
3%
1990年代、2000年代 婷婷
3%
1990年代、2000年代
3%
2000年代
3%
2000年代
3%
2010年代 皓轩
3%
2010年代 梓萱
3%
2023年 沐宸
3%
2023年 沐辰
3%
2023年 沐阳
3%
2023年 语汐
3%
早于1959 志明
0%
早于1959、1960年代 桂英
0%
早于1959、1960年代 玉兰
0%
早于1959 秀珍
0%
早于1959 玉珍
0%
早于1959 玉英
0%
早于1959 兰英
0%
1960年代 玉梅
0%
1980年代、1990年代
0%
1980年代
0%
2000年代、2010年代 雨欣
0%
2010年代 浩轩
0%
2010年代 诗涵
0%
2010年代、2023年 一诺
0%
2023年 茗泽
0%
2023年 奕辰
0%
2023年 宇泽
0%
2023年 奕泽
0%
2023年 若汐
0%
2023年 艺涵
0%
2023年 依诺
0%
2023年 苡沫
0%
2023年 语桐
0%
No matching quizzes found
Score Distribution
Percent of People with Each Score
Percentile by Number Answered
Your Score History
You have not taken this quiz